1350 1061 1361 1510 1216 1458 1595 1217 1154 1920 1802 1526 1330 1905 1623 1342 1389 1906 1784 1518 1355 1000 1688 1530 1024 1007 1335 1839 1608 1479 1636 1204 1224 1776 1526 1008 1270 1831 1226 1801 1811 1075 1342 1813 1657 1182 1111 1319 1497 1344 1389 1903 1362 1616 1094 1839 1224 1051 1829 1518 1155 1780 1086 1603 1193 1606 1300 1241 1242 1251 1273 1243 1004 1065 1159 1320 1283 1580 1198 1954 1130 1974 1067 1093 1071 1648 1435 1844 1185 1274 1492 1659 1694 1145 1422 1283 1657 1983 1471 BCNSPRNW ULIB Ver.6.0+V

เปลี่ยนเป็นภาษาไทย

Change to English
 แสดงรายละเอียดบรรณานุกรม
  กลับหน้าหลัก

Brief Record : Get Marc (ISO 2709) : E-mail record : QR code < ปิดหน้าต่าง
LEADER : 00000nam 2200000uu 4500
001    13399112917
003     ULIB
008    110919s2553||||th 000 0 tha d
020    9786167081632
090    นว.^bพ262ว 2553
100 0  พรรณทิพา
245 00 วังวนพิศวาส/^cพรรณทิพา
250    พิมพ์ครั้งที่ 1
260    กรุงเทพฯ :^bSMART BOOK,^c2553
300    279 หน้า
945    ^p220^l0^i17080
995    กัณชพร
999     ^aใช้งานได้ทุกระบบ
รายการนี้ยังไม่มีแท็ก
คุณยังไม่ได้ล็อกอิน คุณสามารถมีกิจกรรมร่วมกับเว็บไซต์ได้ แต่ต้องล็อกอินก่อน ::
  ล็อกอิน

รายการสื่อสารสนเทศ

ลำดับที่ ประเภท เลขเรียก/บาร์โค้ด สถานที่ สถานะ
1. นวนิยาย
นวนิยาย
นว. พ262ว 2553  
  Barcode: 17080
ห้องสมุดวิทยาเขตสวรรค์ประชารักษ์
►นวนิยาย
บนชั้น
  ขอยืม

รายการใกล้เคียง
    ผู้แต่ง [พรรณทิพา]

BibComment


ยังไม่เคยถูกคอมเมนท์

คอมเมนท์ทรัพยากรรายการนี้
  คอมเมนท์: วังวนพิศวาส พรรณท..


 Copyright 2026. Bcnsprnw @Library